| 000 | 01058nam a2200265 i 4500 | ||
|---|---|---|---|
| 003 | DO-SdBNP | ||
| 005 | 20251010150311.0 | ||
| 007 | ta | ||
| 008 | 251010b2011 dr ||||| |||| 00| 0 spa d | ||
| 040 |
_aDO-SdBNP _bspa _cBNPHU _erda |
||
| 041 | _aspa | ||
| 082 | 4 |
_axxx _bA657e _222 |
|
| 100 | 1 |
_aAquino Rodríguez, José Ángel _eautor _4aut. _912222 |
|
| 245 | 1 | 0 |
_aCuota femenina y representación política en República Dominicana : _belecciones del 2010. _cJosé Ángel Aquino Rodríguez. |
| 264 |
_aSanto Domingo República Dominicana _bJunta Central Electoral, _c2011. |
||
| 300 |
_a48 páginas ; _c23 cm. |
||
| 336 |
_atexto _btxt _2rdacontent |
||
| 337 |
_asin mediación _bn _2rdamedia |
||
| 338 |
_avolumen _bnc _2rdacarrier |
||
| 490 | 0 |
_a Ensayos electorales ; _v9 |
|
| 500 | _aEnsayo presentado en el V Congreso Latinoamericano de Ciencia Política, organizado por la Asociación Latinoamericana de Ciencia Política (ALACIP), Buenos Aires, 28 al 30 de julio del 2010 | ||
| 590 | _aInventariado, 2025 /LP | ||
| 910 | _aLP | ||
| 942 |
_2ddc _cLBS1 |
||
| 999 |
_c59939 _d59939 |
||